[Event "Kemerovo-ch"]
[Site "Kemerovo"]
[Date "2010.03.18"]
[Round "6"]
[White "Fanaskov, Vjacheslav"]
[Black "Starkov, S."]
[Result "1-0"]
[WhiteElo "2236"]
[BlackElo "2246"]
[PlyCount "89"]
[EventDate "2010.03.15"]
[EventType "swiss"]
[EventRounds "9"]
[EventCountry "RUS"]
[SourceTitle "CBM 135 Extra"]
[Source "ChessBase"]
[SourceDate "2010.05.04"]
[SourceVersion "1"]
[SourceVersionDate "2010.05.04"]
[SourceQuality "1"]

1. Nf3 Nc6 2. d4 d5 3. c4 Bg4 4. Qa4 Nf6 5. Ne5 Bd7 6. Nxd7 Nxd7 7. e3 e5 8. cxd5 Nb6 9. Qb3 Qxd5 10. Qxd5 Nxd5 11. Bb5 exd4 12. Bxc6+ bxc6 13. exd4 Nb4 14. Na3 0-0-0 15. 0-0 Rxd4 16. Be3 Rd5 17. Nc4 Bc5 18. a3 Nd3 19. b4 Bb6 20. Ra2 f5 21. Bxb6 cxb6 22. Ne3 Re5 23. Rd1 Nf4 24. Rc2 Kc7 25. g3 Ne6 26. Nc4 Re4 27. Nd6 Rd8 28. Nb5+ Kb7 29. Rxd8 Nxd8 30. Nd6+ Kc7 31. Nxe4 fxe4 32. Re2 Ne6 33. Rxe4 Kd6 34. Kf1 Kd5 35. Rh4 h6 36. Ke2 c5 37. Kd3 b5 38. Rh5+ Kc6 39. bxc5 Nxc5+ 40. Kd4 Ne6+ 41. Ke5 Nc5 42. Rf5 a5 43. Rf7 b4 44. axb4 axb4 45. Kd4 1-0

[Event "Kemerovo-ch"]
[Site "Kemerovo"]
[Date "2010.03.15"]
[Round "1"]
[White "Fanaskov, Vjacheslav"]
[Black "Riabov, Alexander"]
[Result "1-0"]
[WhiteElo "2236"]
[BlackElo "2100"]
[PlyCount "101"]
[EventDate "2010.03.15"]
[EventType "swiss"]
[EventRounds "9"]
[EventCountry "RUS"]
[SourceTitle "CBM 135 Extra"]
[Source "ChessBase"]
[SourceDate "2010.05.04"]
[SourceVersion "1"]
[SourceVersionDate "2010.05.04"]
[SourceQuality "1"]

1. Nf3 c5 2. b3 Nc6 3. Bb2 d6 4. d4 cxd4 5. Nxd4 Nf6 6. Nc3 Nxd4 7. Qxd4 g6 8. 0-0-0 Bg7 9. e3 0-0 10. f3 Be6 11. Qb4 Qc8 12. Bd3 a5 13. Qh4 Qc5 14. Qd4 Nd7 15. Qxc5 Nxc5 16. Ne4 Nxd3+ 17. Rxd3 Bxb2+ 18. Kxb2 f6 19. Nc3 Rfc8 20. a4 Rc5 21. Rhd1 Rac8 22. R1d2 Kf7 23. e4 Kf8 24. Nb5 Bd7 25. Nd4 Kf7 26. c4 b6 27. Ne2 Bc6 28. Nc3 Bb7 29. Re3 g5 30. g3 Rg8 31. Rf2 h6 32. Nb5 Bc8 33. Rd3 Be6 34. Nd4 Bd7 35. Rdd2 Bc6 36. g4 Rh8 37. h4 Bd7 38. Rh2 Kg7 39. Rh1 Rcc8 40. Rdh2 Rb8 41. Kc3 Ra8 42. hxg5 hxg5 43. Rxh8 Rxh8 44. Rxh8 Kxh8 45. Nf5 Bxf5 46. exf5 Kg8 47. Kd4 Kf7 48. Kd5 Ke8 49. Kc6 Kf7 50. Kxb6 e6 51. Kc6 1-0

[Event "Kemerovo op"]
[Site "Kemerovo"]
[Date "2009.10.19"]
[Round "5"]
[White "Fanaskov, Vjacheslav"]
[Black "Burmakin, Evgeniy"]
[Result "1-0"]
[WhiteElo "2189"]
[BlackElo "2227"]
[PlyCount "75"]
[EventDate "2009.10.16"]
[EventType "swiss"]
[EventRounds "9"]
[EventCountry "RUS"]
[SourceTitle "EXT 2010"]
[Source "ChessBase"]
[SourceDate "2010.11.25"]
[SourceVersion "1"]
[SourceVersionDate "2010.11.25"]
[SourceQuality "1"]

1. d4 f5 2. c4 Nf6 3. Nc3 g6 4. g3 Bg7 5. Bg2 0-0 6. Nf3 c6 7. 0-0 d5 8. Qb3 Kh8 9. Bf4 b6 10. Ne5 Be6 11. cxd5 Bg8 12. Rac1 a6 13. Bg5 Nxd5 14. Nxd5 Bxd5 15. Bxd5 cxd5 16. Nf3 Ra7 17. Bf4 Qd7 18. e3 Rb7 19. Be5 Nc6 20. Bxg7+ Kxg7 21. Qc3 Na7 22. Ne5 Qe6 23. Qa3 a5 24. Rc2 Rc8 25. Rfc1 Nb5 26. Qb3 Rbc7 27. a4 Rxc2 28. Rxc2 Nd6 29. Rxc8 Nxc8 30. Qc3 Nd6 31. Qc6 Qc8 32. Qxd5 Qc1+ 33. Kg2 Qxb2 34. Qe6 Ne4 35. Qxe7+ Kh6 36. Nf7+ Kg7 37. Ng5+ Kh6 38. Qxh7+ 1-0

[Event "Kemerovo op"]
[Site "Kemerovo"]
[Date "2009.10.18"]
[Round "3"]
[White "Fanaskov, Vjacheslav"]
[Black "Kljucharev, Sergey"]
[Result "0-1"]
[WhiteElo "2189"]
[BlackElo "2395"]
[PlyCount "78"]
[EventDate "2009.10.16"]
[EventType "swiss"]
[EventRounds "9"]
[EventCountry "RUS"]
[SourceTitle "EXT 2010"]
[Source "ChessBase"]
[SourceDate "2010.11.25"]
[SourceVersion "1"]
[SourceVersionDate "2010.11.25"]
[SourceQuality "1"]

1. d4 d5 2. c4 e6 3. Nc3 Be7 4. Nf3 Nf6 5. Bf4 0-0 6. e3 c5 7. Be2 cxd4 8. Nxd4 Nbd7 9. Bg3 dxc4 10. Bxc4 Bb4 11. 0-0 Bxc3 12. bxc3 Ne4 13. Rc1 Nxg3 14. hxg3 Nc5 15. Qf3 Bd7 16. Rfd1 Qc7 17. Nb3 Bc6 18. Qh5 Ne4 19. Bd3 Nf6 20. Qh4 Qe5 21. Nd4 Rac8 22. c4 h6 23. Rb1 b6 24. Qf4 Qa5 25. g4 Bd7 26. Nb5 e5 27. Qg3 Bxg4 28. f3 Be6 29. Nd6 Rc6 30. Rb5 Qa4 31. Qe1 Rxd6 32. Bh7+ Kxh7 33. Rxd6 e4 34. fxe4 Qxc4 35. Rb4 Qxa2 36. e5 Nd5 37. Rd4 Rc8 38. Kh2 Rc2 39. Qg3 Nxe3 0-1

[Event "Kemerovo-ch"]
[Site "Kemerovo"]
[Date "2009.03.22"]
[Round "9"]
[White "Koltsov, Evgeny"]
[Black "Fanaskov, Vjacheslav"]
[Result "1-0"]
[WhiteElo "2243"]
[BlackElo "2189"]
[PlyCount "46"]
[EventDate "2009.03.16"]
[EventType "swiss"]
[EventRounds "9"]
[EventCountry "RUS"]
[SourceTitle "EXT 2010"]
[Source "ChessBase"]
[SourceDate "2010.11.25"]
[SourceVersion "1"]
[SourceVersionDate "2010.11.25"]
[SourceQuality "1"]

1. d4 d5 2. c4 c6 3. Nc3 Nf6 4. Nf3 e6 5. Bg5 Nbd7 6. e3 Be7 7. Qc2 Qa5 8. Nd2 dxc4 9. Bxf6 Nxf6 10. Nxc4 Qc7 11. Be2 0-0 12. 0-0 Nd7 13. Rac1 a6 14. Bf3 Rb8 15. e4 Qf4 16. Qe2 b6 17. g3 Qh6 18. d5 cxd5 19. exd5 Bg5 20. Rcd1 exd5 21. Nxd5 Nc5 22. Rfe1 b5 23. Ne5 Be6 1-0

[Event "Kemerovo-ch"]
[Site "Kemerovo"]
[Date "2009.03.16"]
[Round "1"]
[White "Fanaskov, Vjacheslav"]
[Black "Kalashnikov, Aleksandr"]
[Result "1-0"]
[WhiteElo "2189"]
[BlackElo "1880"]
[PlyCount "55"]
[EventDate "2009.03.16"]
[EventType "swiss"]
[EventRounds "9"]
[EventCountry "RUS"]
[SourceTitle "EXT 2010"]
[Source "ChessBase"]
[SourceDate "2010.11.25"]
[SourceVersion "1"]
[SourceVersionDate "2010.11.25"]
[SourceQuality "1"]

1. d4 d5 2. c4 c6 3. Nf3 e6 4. Nc3 Nf6 5. Bg5 Be7 6. e3 Nbd7 7. Bd3 0-0 8. 0-0 dxc4 9. Bxc4 Nd5 10. Bxe7 Qxe7 11. e4 Nf4 12. Qd2 Ng6 13. Rfe1 b5 14. Bb3 Bb7 15. d5 e5 16. dxc6 Bxc6 17. Bd5 Bxd5 18. Nxd5 Qd6 19. Qe2 a6 20. Red1 Rfd8 21. h4 Nf6 22. g3 Rac8 23. Rd2 h6 24. Rad1 Qe6 25. b3 Kh7 26. Kg2 Qg4 27. Nxf6+ gxf6 28. Ng5+ 1-0